| 000 | 00323nam a22001337a 4500 | ||
|---|---|---|---|
| 020 | _a9781857530841 | ||
| 040 | _cNust | ||
| 082 |
_a623-BRA _bMOS |
||
| 100 |
_aG. M. Moss _9127631 |
||
| 245 | _aMilitary Ballistics | ||
| 260 |
_aUK: _bPotomac Books Inc, _c1995. |
||
| 650 |
_aMilitary Ballistics _9127632 |
||
| 942 |
_2ddc _cBK |
||
| 999 |
_c612701 _d612701 |
||